000 00781nas a2200277 4500
001 BR0304047
003 BR-BrBNA
005 20231205104006.0
007 ta
008 230509b bl.|||p| |||| 00| 00por d
040 _aBR-BrBNA
_bpor
_cBiblioteca Nacional de Agricultura
041 _a(En)
072 _aF30
100 1 _aCardoso, A.I.I.
100 1 _aCosta, C.P. da
245 1 _aSelection for bulb maturity in onion
650 _aCEBOLA
650 _aBULBO
650 _aSELEÇÃO GENÉTICA
650 _aMATURAÇÃO
650 _aPROGÊNIE
650 _aMELHORAMENTO GENÉTICO VEGETAL
773 0 _tScientia Agrícola (Brazil)
_xISSN 0103-9016
_g(Jan-Mar 2003), v. 60(1) p. 59-63
_wBR0304047
909 _a202311
_bLúcia
_c55
_dLúcia Elande
942 _2AGRIS
_n0
_cANA
999 _c175832
_d175832